000 00378nam a2200157Ia 4500
008 230312s9999||||xx |||||||||||||| ||und||
020 _a0-07-047335-8
082 _a621.38
_bSHA-B
100 _aSharma,S.P
245 0 _aBasic Radio and Television
260 _bTata McGraw Hill
_aIndia
_c2007
300 _a700
546 _aEng.
650 _aMass com
_vRadiology
942 _cBK
999 _c1585
_d1585